[Event "Jakarta Indonesia op 1st"]
[Site "Jakarta"]
[Date "2011.10.13"]
[Round "1"]
[White "Aray, Asrul"]
[Black "Shabalov, Alexander"]
[Result "0-1"]
[WhiteElo "2256"]
[BlackElo "2529"]
[PlyCount "48"]
[EventDate "2011.10.13"]
[EventType "swiss"]
[EventRounds "9"]
[EventCountry "INA"]
[SourceTitle "EXT 2012"]
[Source "ChessBase"]
[SourceDate "2011.11.24"]
[SourceVersion "1"]
[SourceVersionDate "2011.11.24"]
[SourceQuality "1"]

1. Nf3 d5 2. d4 Nf6 3. c4 c6 4. Nc3 a6 5. Qb3 dxc4 6. Qxc4 b5 7. Qd3 Bb7 8. g3 c5 9. Be3 e5 10. d5 b4 11. Ne4 Nxd5 12. Nxc5 Bxc5 13. Bxc5 Nd7 14. Be3 Qe7 15. Qb3 a5 16. Bh3 a4 17. Qc4 0-0 18. Bg5 f6 19. Bd2 e4 20. Nh4 Ne5 21. Qxe4 Nf4 22. Qe3 Nxh3 23. Rf1 Rfe8 24. Nf5 Qd7 0-1

[Event "Jakarta Telin op"]
[Site "Jakarta"]
[Date "2011.04.07"]
[Round "9"]
[White "Albakh Ghassan, Syaqiq"]
[Black "Aray, Asrul"]
[Result "0-1"]
[WhiteElo "1902"]
[BlackElo "2266"]
[PlyCount "120"]
[EventDate "2011.04.01"]
[EventType "swiss"]
[EventRounds "9"]
[EventCountry "INA"]
[SourceTitle "CBM 141 Extra"]
[Source "ChessBase"]
[SourceDate "2011.05.03"]
[SourceVersion "1"]
[SourceVersionDate "2011.05.03"]
[SourceQuality "1"]

1. e4 c5 2. Nc3 Nc6 3. d3 d6 4. g3 g6 5. Bg2 Bg7 6. Nge2 e6 7. 0-0 Nge7 8. Be3 Nd4 9. Qd2 0-0 10. f4 Rb8 11. Rf2 b5 12. a3 Kh8 13. Raf1 a5 14. Bxd4 cxd4 15. Nd1 f5 16. h3 b4 17. axb4 axb4 18. b3 d5 19. e5 Nc6 20. h4 Ba6 21. Bh1 Bb5 22. Rh2 h5 23. Nf2 Ra8 24. Nh3 Qe7 25. Ng5 Rfc8 26. Bf3 Kg8 27. Kh1 Ra2 28. Ng1 Nd8 29. Qd1 Be8 30. N5h3 Qc5 31. c4 Rxh2+ 32. Kxh2 dxc4 33. dxc4 Bf8 34. Rf2 Qa7 35. Rd2 Bc5 36. Nf2 Rc7 37. Nd3 Be7 38. Qe2 Qa3 39. Rb2 Bg5 40. fxg5 Bc6 41. Bxc6 Nxc6 42. Qc2 Qa1 43. c5 Kf7 44. Qc4 Ra7 45. Rg2 Qa6 46. Qc2 Qb5 47. Qd1 Ra3 48. Rf2 Qb8 49. Qf3 Qa8 50. Qe2 Rxb3 51. Nf4 Re3 52. Qc4 Rxe5 53. Nd3 Re3 54. Ra2 Qb8 55. Nf4 Qc8 56. Ra6 b3 57. Rxc6 Qxc6 58. Qxd4 Re1 59. Qf6+ Ke8 60. Qxg6+ Kd8 0-1

[Event "Japfa op"]
[Site "Bali"]
[Date "2000.05.05"]
[Round "3"]
[White "Antonio, Rogelio Jr"]
[Black "Aray, Asrul"]
[Result "1-0"]
[WhiteElo "2551"]
[BlackElo "2285"]
[PlyCount "87"]
[EventDate "2000.05.03"]
[EventType "swiss"]
[EventRounds "9"]
[EventCountry "INA"]
[SourceTitle "CBM 076 Extra"]
[Source "ChessBase"]
[SourceDate "2000.07.11"]
[SourceVersion "1"]
[SourceVersionDate "2000.07.11"]
[SourceQuality "1"]

1. e4 d6 2. d4 g6 3. Nc3 Bg7 4. Be3 c6 5. Qd2 Nd7 6. f3 b5 7. h4 h5 8. Nh3 Bb7 9. a4 a6 10. Ng5 Ngf6 11. Be2 Qc7 12. Nd1 Rd8 13. Nf2 e5 14. axb5 cxb5 15. d5 Rc8 16. Rc1 Nb6 17. b3 Nfd7 18. Nd3 0-0 19. 0-0 Nc5 20. Nxc5 dxc5 21. c4 b4 22. g4 hxg4 23. fxg4 Qd6 24. Rf2 Rc7 25. Rcf1 Bc8 26. h5 f6 27. Ne6 Bxe6 28. dxe6 Qxe6 29. hxg6 Nc8 30. Qd5 Qxd5 31. exd5 Nd6 32. Ra1 Ra8 33. Ra5 Nb7 34. Ra4 a5 35. Bd3 Nd6 36. Rfa2 e4 37. Be2 f5 38. Bf4 Bd4+ 39. Kg2 Rd7 40. Rxa5 Rxa5 41. Rxa5 Kg7 42. Bxd6 Rxd6 43. gxf5 e3 44. Bd3 1-0